000 00676nam a2200253Ia 4500
003 OSt
005 20221007111608.0
006 a|||||r|||| 00| 0
007 ta
008 221006b |||||||| |||| 00| 0 eng d
024 _a23,893
037 _cTextual
040 _aLCO
_cLCO
_beng
041 _2eng
_aeng
082 _aX62:(Z), K9
100 _aParthasarathy M.S
_9242137
245 0 _aCheques In Law and Practice Foreword by V.C.Patel
250 _a1st
260 _aBombay
_bN.M.Tripathi Pvt.Ltd. India
_c1969
300 _a403
650 _aCHEQUES
_9708408
942 _hX62:(Z), K9
_cTEXL
999 _c1193456
_d1193456